01159nam a22002417a 45000010005000000030006000050050017000110080041000280200018000690400029000870500008001161000018001242450072001422600042002143000049002565050008003055200474003135210020007875210020008076000028008276500032008557000030008873328FISKH20250502094708.0240227b cb ||||| |||| 00| 0 eng d a9781848798847 aFISKHbengcFISKHdFISKH a629 aBugbird, Tim  aMini mechanics emergecy! / cWritten by Tim Bugbird and Jane Horne  aUK :bMake Believe Ideas Ltd , c2011 a20 pages : bcolor illustrations ;c21 cm .  aQ  aJointhe Mini Mechanics as they learn and discover more about the amazing world ofvehicles The Mini Mechanics are on hand to teach you all about theworld's toughest, strongest and most hardworking machines, including: Diggers and Dumpers, Tractor and Trucks, Mighty Machines and emergency vehicles in Fire Fire Each spread explores a mega machine at work, usingbright, bold photographic images and simple facts to satisfy every little one'scuriosity about things that go8 a660 bLexile 8 aQ bRaz-Plus  2vehicles vnon-fiction  atransportationvnon-fiction aHorne, Janeeillustrator